Statistics for Breathe (TV) - Taylor Swift (All Lyrics)

Click here to take the quiz!

General Stats

  • This quiz has been taken 31 times
    (20 since last reset)
  • The average score is 275 of 316

Answer Stats

Lyrics% Correct
a
100%
And
100%
and
100%
back
100%
Breathe
100%
breathe
100%
But
100%
but
100%
can't
100%
face
100%
for
100%
hand
100%
have
100%
I
100%
in
100%
it
100%
it's
100%
It's
100%
just
100%
know
100%
like
100%
my
100%
no
100%
not
100%
of
100%
only
100%
see
100%
the
100%
The
100%
this,
100%
this
100%
to
100%
we
100%
without
100%
you
100%
you,
100%
your
100%
You're
100%
all
90%
AM,
90%
as
90%
'Cause
90%
don't
90%
easy,
90%
easy
90%
feelin'
90%
go
90%
me
90%
mind
90%
Never
90%
never
90%
one
90%
out
90%
that
90%
wanna
90%
2
80%
after
80%
ain't
80%
are
80%
end
80%
Every
80%
friend
80%
from
80%
gonna
80%
I'm
80%
is
80%
lost
80%
our
80%
thing
80%
time
80%
us
80%
wanted
80%
be
70%
break,
70%
clean
70%
down
70%
killin'
70%
(Mmm)
70%
mmm
70%
Mmm,
70%
people
70%
People
70%
sad
70%
say
70%
simple,
70%
sometimes
70%
was
70%
way
70%
what
70%
(Yeah,
70%
yeah)
70%
away
60%
change
60%
doesn't
60%
endin'
60%
fallout
60%
here
60%
kind
60%
minds
60%
movie
60%
none
60%
Now
60%
save
60%
sorry
60%
sorry,
60%
thought
60%
work
60%
drive
50%
Hope
50%
hurt
50%
music
50%
(Ooh)
50%
playin'
50%
really
50%
starts
50%
Woah
50%
bring
40%
bump
40%
little
40%
nothin'
40%
road,
40%
it'll
30%
swerve
30%
tragedy
30%
tried
30%
around
20%

Score Distribution

Percentile by Number Answered

Percent of People with Each Score

Your Score History

You have not taken this quiz since the last reset